| 000 | 00616nam a22001815i 4500 | ||
|---|---|---|---|
| 001 | 170271 | ||
| 003 | ES-MaACL | ||
| 005 | 20230906214334.0 | ||
| 008 | 090218s1855 fr |||| | fre d | ||
| 080 | _a78.089.1 | ||
| 100 | 1 |
_aScribe, Eugène. _9104966 |
|
| 245 | 1 | 0 |
_aJenny Bell : _bopéra-comique en trois actes / _cparoles de Eugène Scribe ; musique de M. Auber. |
| 260 |
_aParis : _bMichel Lévy, _c1855. |
||
| 300 |
_a94 p. ; _c19 cm. |
||
| 650 | 4 |
_aOperetas- _vLibretos. _9139352 |
|
| 700 | 1 |
_aAuber, Daniel-François-Esprit. _923789 |
|
| 852 | 4 |
_aES-MaACL _j2248-F-9 _z- Biblioteca Jacinto Martínez Lacalle |
|
| 999 |
_c170271 _d170271 |
||